| 000 | 01211nam0a2200349 4500 | ||
|---|---|---|---|
| 001 | RU\NLR\BIBL_A\012278150 | ||
| 005 | 20200713131848.0 | ||
| 010 | _a978-5-4498-1169-1 | ||
| 021 |
_aRU _bКН-П-20-010832 _9КН-П-20-0845 |
||
| 035 | _a(NLR Aleph) 012278150 | ||
| 035 | _a(RuMoRGB)010286282 | ||
| 090 |
_a11203831 _c11203831 |
||
| 100 | _a20200623d2020 u y0rusy50 ca | ||
| 101 | 0 | _arus | |
| 102 | _aRU | ||
| 105 | _ay z ||000 | ||
| 181 | 0 |
_ai _baxxe |
|
| 182 | 0 | _an | |
| 200 | 1 |
_aСборник рассказов _fАлександр Ряхин |
|
| 203 |
_aТекст _bвизуальный _cнепосредственный |
||
| 210 |
_a[Б. м.] _cИздательские решения _d2020 |
||
| 215 |
_a136, [2] с. _d21 |
||
| 327 | 1 | _aСодерж.: разделы: Статьи; Разные рассказы; Рассказы о животных; Армейские истории; Анекдоты из жизни | |
| 333 | _a18+ | ||
| 686 | 2 | _aШ6(2=Р)8-4 | |
| 700 | 1 |
_aРяхин _bА. _f1955- _gАлександр |
|
| 942 | _cBOOK | ||
| 980 | _aNBR | ||
| 980 | _aNB | ||